000 00308 a2200145 4500
001 65706
020 _a9788541809894
040 _cAnchieta - Pituba
240 1 0 _aprodução de texto
_lpor
245 1 0 _aprodução de texto
300 _a96
362 0 _a2015
650 4 _aLíngua Portuguesa
942 _cBK
999 _c65706
_d65706